Normal view
MARC view
Entry Personal Name
001 - CONTROL NUMBER
- control field: 11068
003 - CONTROL NUMBER IDENTIFIER
- control field: OSt
005 - DATE AND TIME OF LATEST TRANSACTION
- control field: 20211130154446.0
008 - FIXED-LENGTH DATA ELEMENTS
- fixed length control field: 211130|| aca||aabn | a|a d
040 ## - CATALOGING SOURCE
- Original cataloging agency: OSt
- Transcribing agency: OSt
100 ## - HEADING--PERSONAL NAME
- Personal name: Warner, Jaine;Vachier, Paul.
- Fuller form of name: Jaine Warner;Paul Vachier
670 ## - SOURCE DATA FOUND
- Source citation: Work cat.: (OSt): Warner, Jaine;Vachier, Paul. Author Jaine Warner;Paul Vachier, Web design and dreamweaver 3: for dummies.